Statistics for 10 Largest cities in Iran

Click here to take the quiz!

General Stats

  • This quiz has been taken 41 times
  • The average score is 5 of 10

Answer Stats

Answer % Correct
Tehran
100%
Mashhad
88%
Isfahan
88%
Shiraz
76%
Qom
65%
Tabriz
59%
Karaj
24%
Ahwaz
12%
Urmia
12%
Kermanshah
6%

Score Distribution

Percentile by Number Answered

Percent of People with Each Score

Your Score History

You have not taken this quiz